Guess The Brand By The Mascot - Statistics

General Stats
  • This quiz has been taken 31 times
    14 since last reset
  • The average score is 23 of 38
Answer Stats
Picture Answer % Correct
Burger King
100%
KFC
100%
Mcdonalds
100%
Wendy's
93%
Little Caesars
86%
Pringles
86%
Cap'n Crunch
79%
Chuck E Cheese
79%
Jetpunk
79%
Kool-Aid
79%
m&m
79%
Monopoly
79%
Mr Clean
79%
Frosted Flakes
71%
Reddit
71%
A&W
64%
Cheetos
64%
Coca-Cola
64%
Duolingo
64%
Jack In The Box
64%
Michelin
64%
Nesquick
64%
Planters
64%
Chick Fil A
57%
Froot Loops
57%
Keebler
57%
Pillsbury
57%
Chips Ahoy
50%
Taco Bell
50%
Toys R Us
50%
Jollibee
43%
Vlasic
43%
Dominos
36%
Coco Pops
14%
Fritos
14%
Jolly Rancher
14%
Mr Muscle
7%
Quisp
7%
No matching quizzes found
Score Distribution
Percent of People with Each Score
Percentile by Number Answered
Your Score History
You have not taken this quiz since the last reset